000 00471nam a2200181Ia 4500
008 230718s9999 xx 000 0 und d
020 _a9788181282323
041 _aeng
082 _a005.8
_bBUC
100 _aBuchmann J.
_9192639
245 _aIntroduction To Cryptography
250 _a2nd ed.
260 _c2011
_bSpringer
300 _a335
365 _cRs.
_b345.00
700 _aBuchmann J.
_9192639
906 _dO:0215613-Oct-2011B:945427-Sep-2011
_cIT
_b86.25
999 _c328861
_d328861